书目信息 |
| 题名: |
博弈论
|
|
| 作者: | 翟文明 编著 | |
| 分册: | ||
| 出版信息: | 北京 中国华侨出版社 2018 |
|
| 页数: | 311页 | |
| 开本: | 21cm | |
| 丛书名: | ||
| 单 册: | ||
| 中图分类: | O225-49 , O225 | |
| 科图分类: | ||
| 主题词: | 博弈论--普及读物 | |
| 电子资源: | ||
| ISBN: | 978-7-5113-7327-4 | |
| 000 | 00782nam0 2200241 450 | |
| 001 | 2373293779 | |
| 005 | 20231117193821.96 | |
| 010 | @a978-7-5113-7327-4@dCNY38.00 | |
| 100 | @a20181129d2018 em y0chiy50 ea | |
| 101 | 0 | @achi |
| 102 | @aCN@b110000 | |
| 105 | @aa z 000yy | |
| 200 | 1 | @a博弈论@Abo yi lun@dGame theory@f翟文明编著@zeng |
| 210 | @a北京@c中国华侨出版社@d2018 | |
| 215 | @a311页@c彩图@d21cm | |
| 330 | @a本书用轻松活泼的语言对博弈论的基本原理进行了深入浅出地探讨,详细介绍了囚徒困境、纳什均衡、枪手博弈等诸多博弈模型的内涵、适用范围、作用形式等。 | |
| 510 | 1 | @aGame theory@zeng |
| 606 | 0 | @a博弈论@j普及读物 |
| 690 | @aO225-49@v5 | |
| 690 | @aO225@v4 | |
| 701 | 0 | @a翟文明@Azhai wen ming@4编著 |
| 801 | 0 | @aCN@b91MARC@c20181129 |
| 905 | @aZUCC@dO225@e11 | |
| 博弈论=Game theory/翟文明编著.-北京:中国华侨出版社,2018 |
| 311页:彩图;21cm |
| ISBN 978-7-5113-7327-4:CNY38.00 |
| 本书用轻松活泼的语言对博弈论的基本原理进行了深入浅出地探讨,详细介绍了囚徒困境、纳什均衡、枪手博弈等诸多博弈模型的内涵、适用范围、作用形式等。 |
| ● |
| 相关链接 |
|
|
|
正题名:博弈论
索取号:O225/11
 
预约/预借
| 序号 | 登录号 | 条形码 | 馆藏地/架位号 | 状态 | 备注 |
| 1 | 2001008983 | 2001008983 | 315书库/四29架B面1层4列/ [索取号:O225/11] | 在馆 | |
| 2 | 2001008984 | 2001008984 | 315书库/四29架B面1层4列/ [索取号:O225/11] | 在馆 | |
| 3 | 2001008985 | 2001008985 | 315书库/四29架B面1层4列/ [索取号:O225/11] | 在馆 | |
| 4 | 2001008986 | 2001008986 | 315书库/四29架B面1层4列/ [索取号:O225/11] | 在馆 | |
| 5 | 2001008987 | 2001008987 | 315书库/四29架B面1层4列/ [索取号:O225/11] | 在馆 | |
| 6 | 2001008988 | 2001008988 | 315书库/四29架B面1层4列/ [索取号:O225/11] | 在馆 |